000 00635nam a22002177a 4500
005 20170124110028.0
010 _a761820
020 _c00.00
035 _a761820
037 _bCen Lib/Ret
040 _aDPL
_bEN
082 _a523.1
_bRON
100 _aRonan, Colin A.
_920250
245 _aChanging views of the Universe /
_cby Colin A.Ronan
260 _bThe Scientific Book Club
_c1961
_aLondon
270 _a121, Charing Cross Road
_bLondon
300 _a206p. :
_c18cm(Hb)
_bill.
500 _aIncludes bibliographical references and index
650 _aAstronomy.
_988971
942 _2ddc
_cEN
_h523.1
_mRON
999 _c127637
_d127637